Datum a čas kvízu
26.5
Celkem bodů
Celkový počet nahraných bodů na tomto kvízu bez doplňovacích otázek.
12.
Pořadí na kvízu
Konečné umístění týmu na tomto kvízu.
Zaznamenané odpovědi
| # | Otázka | Odpověď | Body | Výsledky |
|---|---|---|---|---|
| 1. | Obyvatelé Ostravy se po 21 let... | (Moravskoslezská vědecká) knihovna | 0 | |
| 2. | Ve vysílání maďarské státní te... | Bratislavský hrad | 0 | |
| 3. | Minulý týden získal jistý 62le... | Tom Cruise | 0 | |
| 4. | Který evropský poloostrov post... | Pyrenejský (Iberský) | 0 | |
| 5. | Česká rychlobruslařka Martina... | Nikola Zdráhalová | 1 | |
| 6. | Podíváme se na několik známých... | Džoser | 1 | |
| 7. | V Egyptě ještě chvíli zůstanem... | Hatšepsut (Hatšepsovet) | 1 | |
| 8. | Kdo je pohřben pod tímto náhro... | Josef Skupa | 1 | |
| 9. | Ve které evropské metropoli se... | v Paříži | 0 | |
| 10. | V poslední otázce tématu se po... | Kolja | 0 |